| 000 | 00498nmm a2200145Ia 4500 | ||
|---|---|---|---|
| 008 | 251105s9999||||xx |||||||||||||||||und|| | ||
| 041 | _aspa | ||
| 100 | _aBechara Llanos, Abraham Zamir | ||
| 245 | 0 | _aJurisprudencia de principios. Metodología para la interpretación judicial de los derechos fundamentales | |
| 264 |
_a[Bogotá, Colombia] : _bUniversidad del Norte, _c2019 |
||
| 300 | _a182 páginas | ||
| 650 | _aLaw | ||
| 856 | _uhttps://public.digitaliapublishing.com/a/68976 | ||
| 942 | _cCF | ||
| 999 |
_c106678 _d106678 |
||